<?xml version="1.0" encoding="UTF-8"?>
<record
    xmlns:xsi="http://www.w3.org/2001/XMLSchema-instance"
    xsi:schemaLocation="http://www.loc.gov/MARC21/slim http://www.loc.gov/standards/marcxml/schema/MARC21slim.xsd"
    xmlns="http://www.loc.gov/MARC21/slim">

  <leader>01849nam a22002537a 4500</leader>
  <controlfield tag="001">BRCA_9288</controlfield>
  <controlfield tag="003">FranzMayer</controlfield>
  <controlfield tag="005">20230724112303.0</controlfield>
  <controlfield tag="008">230724b        |||||||| |||| 00| 0 eng d</controlfield>
  <datafield tag="040" ind1=" " ind2=" ">
    <subfield code="a">MFM</subfield>
    <subfield code="b">spa</subfield>
    <subfield code="c">MFM</subfield>
  </datafield>
  <datafield tag="050" ind1=" " ind2="4">
    <subfield code="a">LE61</subfield>
    <subfield code="b">G46 1786</subfield>
  </datafield>
  <datafield tag="082" ind1=" " ind2=" ">
    <subfield code="2">QC19.6</subfield>
  </datafield>
  <datafield tag="100" ind1="1" ind2=" ">
    <subfield code="4">Autor</subfield>
    <subfield code="a">Genuensis, Antonii</subfield>
    <subfield code="9">28937</subfield>
  </datafield>
  <datafield tag="240" ind1="1" ind2=" ">
    <subfield code="a">In Regia Napolitana Academia Primum Ethices, Postea Economices Professoris. Disciplinarum Metaphysicarum Elementa, mathematicum in morem adornata.</subfield>
    <subfield code="h">Tomus Quintus. Ab ifso auttose, rejecflis omnibus anterioribus Editionibus tanquam non fuis reputatis, omnino reformata, perpetuis additionibus locupletata et nung primum in quinque tomus divisa</subfield>
    <subfield code="l">Lat&#xED;n</subfield>
  </datafield>
  <datafield tag="245" ind1="0" ind2=" ">
    <subfield code="a">In Regia Napolitana Academia Primum Ethices, Postea Economices Professoris. Disciplinarum Metaphysicarum Elementa, mathematicum in morem adornata.</subfield>
    <subfield code="b">Tomus Quintus. Ab ifso auttose, rejecflis omnibus anterioribus Editionibus tanquam non fuis reputatis, omnino reformata, perpetuis additionibus locupletata et nung primum in quinque tomus divisa</subfield>
  </datafield>
  <datafield tag="250" ind1=" " ind2=" ">
    <subfield code="a">Editio novissima</subfield>
    <subfield code="b">Novena edici&#xF3;n</subfield>
  </datafield>
  <datafield tag="260" ind1=" " ind2=" ">
    <subfield code="a">Venecia</subfield>
    <subfield code="b">Apud Thomam Bettinelli</subfield>
    <subfield code="c">1781</subfield>
  </datafield>
  <datafield tag="300" ind1=" " ind2=" ">
    <subfield code="a">443 p</subfield>
    <subfield code="c">19 cm</subfield>
  </datafield>
  <datafield tag="440" ind1=" " ind2=" ">
    <subfield code="a">In Regia Napolitana Academia Primum Ethices, Postea Economices Professoris. Disciplinarum Metaphysicarum Elementa, mathematicum in morem adornata.</subfield>
    <subfield code="n">Tomus Quintus. Ab ifso auttose, rejecflis omnibus anterioribus Editionibus tanquam non fuis reputatis, omnino reformata, perpetuis additionibus locupletata et nung primum in quinque tomus divisa</subfield>
    <subfield code="p">Tomo V</subfield>
    <subfield code="9">28938</subfield>
  </datafield>
  <datafield tag="505" ind1="0" ind2=" ">
    <subfield code="a">Texto en: lat&#xED;nDirigido a: f&#xED;sicos, matem&#xE1;ticos, cient&#xED;ficos o historiadores.Incluye &#xED;ndice tem&#xE1;tico </subfield>
  </datafield>
  <datafield tag="650" ind1="1" ind2=" ">
    <subfield code="2">F&#xED;sica</subfield>
    <subfield code="a">Matem&#xE1;ticas</subfield>
    <subfield code="v">Estudio de las ciencias</subfield>
    <subfield code="9">28939</subfield>
  </datafield>
  <datafield tag="651" ind1="2" ind2=" ">
    <subfield code="2">Metaf&#xED;sica</subfield>
    <subfield code="a">Historia de las ciencias</subfield>
    <subfield code="v">Siglo XVIII y XIX</subfield>
    <subfield code="9">28940</subfield>
  </datafield>
  <datafield tag="942" ind1=" " ind2=" ">
    <subfield code="2">lcc</subfield>
    <subfield code="c">B</subfield>
  </datafield>
  <datafield tag="999" ind1=" " ind2=" ">
    <subfield code="c">10908</subfield>
    <subfield code="d">10908</subfield>
  </datafield>
  <datafield tag="952" ind1=" " ind2=" ">
    <subfield code="0">0</subfield>
    <subfield code="1">0</subfield>
    <subfield code="2">lcc</subfield>
    <subfield code="4">0</subfield>
    <subfield code="7">0</subfield>
    <subfield code="8">CFM</subfield>
    <subfield code="a">BRCA</subfield>
    <subfield code="b">BRCA</subfield>
    <subfield code="d">2023-07-24</subfield>
    <subfield code="e">Donaci&#xF3;n</subfield>
    <subfield code="l">0</subfield>
    <subfield code="o">LE61 G46 1786</subfield>
    <subfield code="p">CFM00524</subfield>
    <subfield code="r">2023-07-24 00:00:00</subfield>
    <subfield code="w">2023-07-24</subfield>
    <subfield code="y">B</subfield>
  </datafield>
</record>
